Statistics for Samuel L. Jackson Filmography

Click here to take the quiz!

General Stats

  • This quiz has been taken 190 times
    (43 since last reset)
  • The average score is 34 of 202

Answer Stats

Type Year Name % Correct
Film2019Avengers: Endgame
83%
Film2012The Avengers
83%
Film2008Iron Man
77%
Film1994Pulp Fiction
77%
Film2010Iron Man 2
73%
Film2018Avengers: Infinity War
70%
Film2019Captain Marvel
70%
Film2015Avengers: Age of Ultron
70%
Film1999Star Wars: Episode I - The Phantom Menace
67%
Film2011Thor
67%
Film2011Captain America: The First Avenger
67%
Film2005Star Wars: Episode III - Revenge of the Sith
63%
Film2012Django Unchained
60%
Film2019Spider-Man: Far from Home
60%
Film2002Star Wars: Episode II - Attack of the Clones
60%
Video Game2004The Incredibles
60%
Film1993Jurassic Park
57%
Film2014Captain America: The Winter Soldier
57%
Film2018Incredibles 2
57%
Film2006Snakes on a Plane
53%
Film1997Jackie Brown
47%
Film2015The Hateful Eight
43%
Film2004Kill Bill: Volume 2
43%
Television1998Saturday Night Live
43%
Film2000Shaft
40%
Television2013Agents of S.H.I.E.L.D.
40%
Film2019Glass
40%
Film2017The Hitman's Bodyguard
37%
Film2000Unbreakable
33%
Film2010The Other Guys
30%
Film2008Star Wars: The Clone Wars
27%
Film2015Kingsman: The Secret Service
23%
Film1990Goodfellas
23%
Film1995Die Hard with a Vengeance
23%
Film2019Star Wars: The Rise of Skywalker
23%
Film1989Do the Right Thing
20%
Film1991Jungle Fever
20%
Video Game2011Lego Star Wars III: The Clone Wars
20%
Film2013Turbo
20%
Film1988Coming to America
20%
Film2001The 51st State
17%
Film1999Deep Blue Sea
17%
Film1996The Long Kiss Goodnight
17%
Film1998The Negotiator
17%
Film1996A Time to Kill
17%
Video Game2004Grand Theft Auto: San Andreas
17%
Film1998Sphere
17%
Film2008Jumper
17%
Film2007Black Snake Moan
17%
Film2005Coach Carter
17%
Film2002xXx
17%
Film1993True Romance
17%
Audiobook2011Go the F..k to Sleep
17%
Theater1981Home
17%
Film2017Unicorn Store
17%
Film2009Mother and Child
13%
Film2017xXx: Return of Xander Cage
13%
Web Series2021What If...?
13%
Film2003Basic
13%
Film2003S.W.A.T.
13%
Film2020Spiral
13%
Film2000Rules of Engagement
13%
Film2020The Banker
13%
Film2017Kong: Skull Island
13%
Fiilm2005xXx: State of the Union
13%
Film2014RoboCop
13%
Film2008Lakeview Terrace
13%
Film2006Freedomland
13%
Video Game2015Disney Infinity 3.0
13%
Film1992Patriot Games
13%
Video Game2014Disney Infinity: Marvel Super Heroes
13%
Film2016The Legend of Tarzan
10%
Film2013Oldboy
10%
Film2021Blazing Samurai
10%
Film2007Resurrecting the Champ
10%
Film2014Big Game
10%
Film2020The Hitman's Wife's Bodyguard
10%
Documentary2016I Am Not Your Negro
10%
Film2019The Last Full Measure
10%
Film2019QT8: The First Eight
10%
Film2007Farce of the Penguins
10%
Film2008The Spirit
10%
Film2011Arena
10%
Film1972Together for Days
10%
Film1993Amos & Andrew
10%
Television1986-1987Spenser: For Hire
10%
Film2002Changing Lanes
10%
Film1992White Sands
10%
Television1991Law & Order
10%
Film1996The Great White Hype
10%
Film1990The Exorcist III
10%
Film1997One Eight Seven
10%
Film1990Mo' Better Blues
10%
Film2001The Caveman's Valentine
10%
Television2001The Proud Family
10%
Theater1984-1985District Line
7%
Film2014Kite
7%
Film1991Strictly Business
7%
Film1991Johnny Suede
7%
Film2014Reasonable Doubt
7%
Film1992Fathers & Sons
7%
Film1992Juice
7%
Film1980The Exterminator
7%
Television2012The Colbert Report
7%
Audiobook2012A Rage in Harlem
7%
Film1992Jumpin' at the Boneyard
7%
Film2012Zambezia
7%
Television1992Ghostwriter
7%
Film2012Meeting Evil
7%
Film1993National Lampoon's Loaded Weapon 1
7%
Documentary2011Prohibition
7%
Television1977The Displaced Person
7%
Documentary2011African Cats
7%
Theater1990Two Trains Running
7%
Television2014Black Dynamite
7%
Theater1981-1983A Soldier's Play
7%
Film1989Sea of Love
7%
Television Film1987Uncle Tom's Cabin
7%
Film1987Magic Sticks
7%
Film1987Eddie Murphy Raw
7%
Theater1987-1988, 1990-1991The Piano Lesson
7%
Film1988School Daze
7%
Film2018Life Itself
7%
Television Film1989Dead Man Out
7%
Television1989The Days and Nights of Molly Dodd
7%
Film1990A Shock to the System
7%
Film1990The Return of Superfly
7%
Film2016Miss Peregrine's Home for Peculiar Children
7%
Film1981Ragtime
7%
Film1990Def by Temptation
7%
Film1990Betsy's Wedding
7%
Film2016Cell
7%
Television Docudrama1994Assault at West Point: The Court-Martial of Johnson Whittaker
7%
Film2015Chi-Raq
7%
Theater1980Mother Courage and Her Children
7%
Film2015Barely Lethal
7%
Film1993Menace II Society
7%
Film2002No Good Deed
7%
Television Film1994Against the Wall
7%
Film1997Eve's Bayou
7%
Film20071408
7%
Film2007Cleaner
7%
Television Film2011The Sunset Limited
7%
Film1996Trees Lounge
7%
Television2007Afro Samurai
7%
Film2006Home of the Brave
7%
Television2005-2010The Boondocks
7%
Film2005The Man
7%
Television2005Extras
7%
Television1997Happily Ever After: Fairy Tales for Every Child
7%
Film1996Hard Eight
7%
Television1976Movin' On
7%
Film1998Out of Sight
7%
Documentary2004The N-Word
7%
Film1998The Red Violin
7%
Film2004In My Country
7%
Film2004Twisted
7%
Documentary2004Unforgivable Blackness: The Rise and Fall of Jack Johnson
7%
Documentary2003Unchained Memories
7%
Television Special2002The Art of Action: Martial Arts in the Movies
7%
Documentary2007Respect Yourself: The Stax Records Story
7%
Film1996The Search for One-eye Jimmy
7%
Documentary1995Shaquille O'Neal: Larger than Life
7%
Film1995Losing Isaiah
7%
Film2010Quantum Quest: A Cassini Space Odyssey
7%
Film2009Astro Boy
7%
Film1994Fresh
7%
Video Game2010Heroes of Newerth
7%
Film1994Hail Caesar
7%
Film2010Unthinkable
7%
Film2008Gospel Hill
7%
Film2008Soul Men
7%
Film1995Kiss of Death
7%
Film1995Fluke
7%
Film1994The New Age
7%
Television1978Milo Muse the Rabbit
3%
Award Show19981998 MTV Awards
3%
Television2003Doggy Fizzle Televizzle
3%
Web Series2019Carpool Karaoke: The Series
3%
Documentary2011Curiosity
3%
Documentary2002Fighting for Freedom: Revolution & Civil War
3%
Theater2011-2012The Mountaintop
3%
Documentary2009Uneven Fairways
3%
Award Show20122012 Spike Video Awards
3%
Film2012Fury
3%
Theater1988-1989Prince
3%
Award Show20072007 Spike Video Game Awards
3%
Film2009Inglourious Bastards
3%
Television Film2009Afro Samurai: Resurrection
3%
Documentary2016Eating You Alive
3%
Award Show20052005 Spike Video Game Awards
3%
Film1996Teens and Guns: Preventing Violence
3%
Award Show20062006 Spike Video Game Awards
3%
Web Series2012, 2013Funny or Die Presents
3%
Documentary2006Honor Deferred
3%
Television2013Generations
3%
Theater1990Burner's Frolic
3%
FilmTBASpinning Gold
0%

Score Distribution

Percentile by Number Answered

Percent of People with Each Score

Your Score History

You have not taken this quiz since the last reset